000 00813nam a2200265 i 4500
003 CO-BoRNBP
005 20240813102502.0
007 ta
008 240813s1998 sp a|||| |||| 00| 0 spa d
020 _a9788484520405
040 _aCO-BoRNBP
_bspa
_cCO-BoRNBP
_erda
041 1 _aspa
_hfrancés
082 _a306.4 C18m|
100 1 _aCave, Kathryn
_d1948 - 2021
_eautora
_942153
245 _aM de Mundo
_cKatherine Cave; traducción, Montsettat Riera
250 _aPrimera edición
264 1 _aBarcelona, España
_bIntermon
_c1998
300 _a32 páginas
_bilustraciones a color
_c29cm
336 _2rdacontenido
_atexto
_btxt
337 _2rdamedio
_asin mediación
_bn
338 _2rdasoporte
_avolumen
_bnc
650 1 7 _2ARMARC
_aAlfabeto
_942154
650 1 7 _2ARMARC
_adiversidad
_942155
942 _2ddc
_cBK
999 _c38308
_d38308